| 000 | 01244cam a22003491a 4500 | ||
|---|---|---|---|
| 001 | agr48000040 | ||
| 003 | DLC | ||
| 005 | 20260227111008.0 | ||
| 008 | 831107s1947 dcuab s f000 0 eng | ||
| 010 | _aagr48000040 | ||
| 035 | _a(OCoLC)10104177 | ||
| 040 |
_aDLC _cIMolD _dDNAL _dDLC |
||
| 042 | _apremarc | ||
| 050 | 0 | 0 |
_aS751 _b.C6 |
| 070 | 0 |
_a1 _bAg84M no.630 |
|
| 072 | 0 | _aN200 | |
| 072 | 0 | _aE100 | |
| 100 | 1 |
_aCooper, M. R. _q(Martin Reese), _d1887- |
|
| 245 | 1 | 0 |
_aProgress of farm mechanization / _cby Martin R. Cooper, Glen T. Barton, and Albert P. Brodell. |
| 260 |
_aWashington, D.C. : _bU.S. Dept. of Agriculture, _c1947. |
||
| 300 |
_a101 p. : _bill., maps ; _c23 cm. |
||
| 490 | 1 |
_aMiscellaneous publication / United States Department of Agriculture ; _vno. 630 |
|
| 500 | _aContribution from Bureau of Agricultural Economics. | ||
| 500 | _aCover title. | ||
| 650 | 0 |
_aAgriculture _zUnited States. |
|
| 650 | 0 | _aAgricultural machinery. | |
| 650 | 0 |
_aAgriculture _xEconomic aspects _zUnited States. |
|
| 700 | 1 | _aBarton, Glen T. | |
| 700 | 1 |
_aBrodell, Albert P. _q(Albert Perry), _d1895- |
|
| 740 | 0 | _aFarm mechanization. | |
| 830 | 0 |
_aMiscellaneous publication (United States. Department of Agriculture) ; _vno. 630. |
|
| 999 |
_c10760 _d10760 |
||